Strong Acids and Bases for Honors Chemistry - Statistics

General Stats
  • This quiz has been taken 150 times
  • The average score is 5 of 12
Answer Stats
Hint Answer % Correct
Strong Acid Hydrochloric Acid
90%
Strong Acid Hydroiodic Acid
54%
Strong Acid Sulfuric Acid
54%
Strong Base Sodium Hydroxide
53%
Strong Acid Hydrobromic Acid
50%
Strong Acid Nitric Acid
45%
Strong Acid Perchloric Acid
36%
Strong Base Potassium Hydroxide
31%
Strong Base Lithium Hydroxide
26%
Strong Base Calcium Hydroxide
17%
Strong Base Strontium Hydroxide
9%
Strong Base Barium Hydroxide
8%
No matching quizzes found
Score Distribution
Percent of People with Each Score
Percentile by Number Answered
Your Score History
You have not taken this quiz